Vista normal Vista MARC

Entrada Materia (personas)

Número de registros utilizados en: 2

001 - CONTROL NUMBER

  • control field: 82716

003 - CONTROL NUMBER IDENTIFIER

  • control field: Co-BoUCM

005 - DATE AND TIME OF LATEST TRANSACTION

  • control field: 20161207073527.0

008 - FIXED-LENGTH DATA ELEMENTS

  • fixed length control field: 161207|| aca||aabn | a|a d

040 ## - CATALOGING SOURCE

  • Original cataloging agency: Co-BoUCM
  • Transcribing agency: Co-BoUCM

100 ## - HEADING--PERSONAL NAME

  • Personal name: Ernst, Bruno

670 ## - SOURCE DATA FOUND

  • Source citation: Work cat.: (Co-BoUCM)59735: Ernst, Bruno, O espelho mágico de maurits cornelis escher, 2007